000 00818nam a2200253Ia 4500
001 dia_4109
003 CHAP
005 20251015161357.0
008 220117s1985 xx 000 0 und d
010 _a174730
040 _cCHAP
_amxchpua
_erda
090 _aFOLLETO 2440
100 _aHeredia Zepeda, Adalberto
_953722
245 _aGuía para cultivar ajo en el Bajío /
_c Adalberto Heredia Zepeda
260 _aMéxico :
_b INIA, Centro de Investigaciones Agrícolas en el Bajío,
_c1985
300 _a16 p.
500 _aS/c (Folleto para productores, 17)
650 _aAjo
_93170
700 _aInstituto Nacional de Investigaciones Agrícola. México
_9155668
901 _aFOLLETO 2440
902 _aM
905 _a0000001985 mx A 0000000000spa00
942 _cFOLL
_2local
999 _c174730
_d174730